Statistics for All music artists with 20,000,000+ subscribers on YouTube

Click here to take the quiz!

General Stats

  • This quiz has been taken 94 times
  • The average score is 7 of 15

Answer Stats

HintAnswer% Correct
43,783,000Justin Bieber
87%
32,488,000Taylor Swift
77%
32,574,000Katy Perry
73%
31,451,000Rihanna
68%
33,850,000Ariana Grande
60%
37,589,000Ed Sheeran
60%
36,517,000Eminem
57%
20,710,000Selena Gomez
49%
28,908,000One Direction
42%
24,824,000Shakira
33%
24,233,000Bruno Mars
32%
24,658,000Maroon 5
25%
24,513,000Luis Fonsi
24%
20,018,000BLACKPINK
18%
31,112,000Marshmello
10%

Score Distribution

Percentile by Number Answered

Percent of People with Each Score

Your Score History

You have not taken this quiz